Catálogo
 En Linea

La cultura chilena : (Registro nro. 14058)

Detalles MARC
000 -CABECERA
campo de control de longitud fija 00674cam a2200193 a 4500
001 - NÚMERO DE CONTROL
campo de control 000014469
005 - FECHA Y HORA DE LA ÚLTIMA TRANSACCIÓN
campo de control 20200929163845.0
008 - DATOS DE LONGITUD FIJA--INFORMACIÓN GENERAL
campo de control de longitud fija 830915s1982 cl ac b 000 0 spa d
040 ## - FUENTE DE LA CATALOGACIÓN
Centro catalogador/agencia de origen DO-SdBNP
Lengua de catalogación spa
Centro/agencia transcriptor BNPHU
082 ## - NÚMERO DE LA CLASIFICACIÓN DECIMAL DEWEY
Número de clasificación 983.306
Número de documento/Ítem G589c, 1982
100 1# - ENTRADA PRINCIPAL--NOMBRE DE PERSONA
Nombre de persona Godoy Urzúa, Hernán.
9 (RLIN) 32678
245 13 - MENCIÓN DE TÍTULO
Título La cultura chilena :
Resto del título ensayo de síntesis y de interpretación sociológica /
Mención de responsabilidad, etc. Hernán Godoy Urzúa.
250 ## - MENCIÓN DE EDICIÓN
Mención de edición 2a ed.
260 ## - PUBLICACIÓN, DISTRIBUCIÓN, ETC.
Lugar de publicación, distribución, etc. Santiago de Chile :
Nombre del editor, distribuidor, etc. Universitaria,
Fecha de publicación, distribución, etc. 1982.
300 ## - DESCRIPCIÓN FÍSICA
Extensión iv, 553 p. :
Otras características físicas il. retrs. ;
Dimensiones 25 cm.
504 ## - NOTA DE BIBLIOGRAFÍA, ETC.
Nota de bibliografía, etc. Incluye bibliografia (p. 537 - [554]).
650 #4 - PUNTO DE ACCESO ADICIONAL DE MATERIA--TÉRMINO DE MATERIA
Término de materia o nombre geográfico como elemento de entrada Chile
Subdivisión general Cultura popular
9 (RLIN) 32679
651 #4 - PUNTO DE ACCESO ADICIONAL DE MATERIA--NOMBRE GEOGRÁFICO
Nombre geográfico Chile
Subdivisión general Civilización
9 (RLIN) 32680
Existencias
Estado de retiro Estado de pérdida Restricciones de uso No para préstamo Código de colección Localización permanente Ubicación/localización actual Ubicación en estantería Fecha de adquisición Número de inventario Total de préstamos Signatura topográfica completa Código de barras Fecha visto por última vez Precio válido a partir de Tipo de ítem Koha
      Excluido de préstamo Monografías: Libros y Folletos General General En catalogación 11.01.2010 LF1   983.306 G589c, 1982 14469-10 25.06.2020 25.06.2020 No se presta

Con tecnología Koha